| 000 | 01226cam a2200325 a 4500 | ||
|---|---|---|---|
| 001 | 15839849 | ||
| 005 | 20170105102347.0 | ||
| 008 | 090728s2010 flua b 001 0 eng | ||
| 010 | _a 2009028979 | ||
| 020 | _a9781420053982 (hardcover : alk. paper) | ||
| 020 | _a1420053981 (hardcover : alk. paper) | ||
| 035 | _a(OCoLC)ocn144220352 | ||
| 040 |
_aDLC _cDLC _dBTCTA _dBAKER _dYDXCP _dC#P _dDLC |
||
| 082 | 0 | 0 |
_a629.2293 _222 |
| 100 | 1 | _aEhsani, Mehrdad. | |
| 245 | 1 | 0 |
_aModern electric, hybrid electric, and fuel cell vehicles : fundamentals, theory, and design _bfundamentals, theory, and design _cMehrdad Ehsani, Yimin Gao, Ali Emadi. |
| 250 | _a2nd ed. | ||
| 260 |
_aBoca Raton : _bCRC Press, _cc2010. |
||
| 300 |
_axxii, 534 p. : _bill. ; _c25 cm. |
||
| 490 | 1 | _aPower electronics and applications series | |
| 504 | _aIncludes bibliographical references and index. | ||
| 650 | 0 | _aHybrid electric vehicles. | |
| 650 | 0 | _aFuel cells. | |
| 700 | 1 |
_aGao, Yimin, _d1957- |
|
| 700 | 1 | _aEmadi, Ali. | |
| 830 | 0 | _aPower electronics and applications series. | |
| 906 |
_a7 _bcbc _corignew _d1 _eecip _f20 _gy-gencatlg |
||
| 942 |
_2ddc _cBK |
||
| 999 |
_c11766 _d11766 |
||